Banky a poisťovne
Z obsahu: Register bankových úverov a záruk začína fungovať. Po vysokých stratách v minulých rokoch sa Dopravná banka dostáva do zisku. Fúziou bavorských Hypobank a Vereinsbank vznikne druhá najväčšia nemecká banka.
Salvato in:
| Autore principale: | |
|---|---|
| Natura: | Capitolo di libro |
| Lingua: | slovacco |
| Soggetti: | |
| Tags: |
Nessun Tag, puoi essere il primo ad aggiungerne!!
|
MARC
| LEADER | 00000naa a2200000 4500 | ||
|---|---|---|---|
| 001 | r027433 | ||
| 005 | 20230921081101.9 | ||
| 041 | 0 | |a slo | |
| 044 | |a SK | ||
| 245 | 1 | 0 | |a Banky a poisťovne |c J. Kovalčík |
| 520 | |a Z obsahu: Register bankových úverov a záruk začína fungovať. Po vysokých stratách v minulých rokoch sa Dopravná banka dostáva do zisku. Fúziou bavorských Hypobank a Vereinsbank vznikne druhá najväčšia nemecká banka. | ||
| 610 | 2 | 0 | |a banky |
| 610 | 2 | 0 | |a úver bankový |
| 610 | 2 | 0 | |a záruka |
| 610 | 2 | 0 | |a hospodárenie finančné |
| 610 | 2 | 0 | |a strata |
| 610 | 2 | 0 | |a zisk |
| 610 | 2 | 0 | |a Dopravná banka, a.s. Banská Bystrica |
| 610 | 2 | 0 | |a Nemecko |
| 610 | 2 | 0 | |a fúzie |
| 100 | 1 | |a Kovalčík, J. | |